000 00644 a2200205 4500
005 20250617120145.0
020 _a9781526436405
050 _aLB 1573
_bJOL 2019
100 1 _aJolliffe, Wendy.
_eauthor
245 1 0 _aTeaching systematic synthetic phonics in primary schools /
_cWendy Jolliffe,David Waugh and Angela Gill
250 _athird edition.
264 1 _aThousand Oaks, CA :
_bSage,
_c2019.
300 _a329 pages
336 _atext
_btxt
_2rdacontent
337 _aunmediated
_bn
_2rdamedia
338 _avolume
_bnc
_2rdacarrier
650 _aSynthetic Phonics
942 _2lcc
_cBK
_ethird
_h1573
_iJOL
_kLB
999 _c11584
_d11584